| 000 | 00689nam a22002177a 4500 | ||
|---|---|---|---|
| 999 |
_c5016 _d5016 |
||
| 003 | AR-CdUCM | ||
| 008 | 190311b ||||| |||| 00| 0 spa d | ||
| 040 |
_aMUNICIPALIDAD PROVINCIAL DEL CUSCO _cBIBLIOTECA MUNICIPAL DEL CUSCO |
||
| 082 |
_a869.26 / _bP59 |
||
| 100 |
_aPinto, N. R _915336 |
||
| 245 |
_aCantos a un cierto sol : _bPoemas vivenciales / |
||
| 260 |
_aBuenos aires : _bTalleres graficos fantini, _c1964. |
||
| 300 | _c21 cm. | ||
| 500 | _aDonación familia Nieto. | ||
| 505 | _aContenido :Cantos a un cierto sol. | ||
| 650 |
_aLiteratura vanezolana _915337 |
||
| 650 |
_aCantos venezolanos _915338 |
||
| 650 |
_aHistorietas _910786 |
||
| 942 |
_2ddc _cLIBROS |
||
| 945 | _arum | ||